| 000 | 00688cam a2200193 a 4500 | ||
|---|---|---|---|
| 020 | _a047155278X (hardcover : alk. paper) | ||
| 040 | _cDLC | ||
| 082 | 0 | 0 | _a153 WIL 1998 A001 Or. |
| 100 | 1 | _aShapiro, Deane H. | |
| 245 | 1 | 0 |
_aControl therapy : _ban integrated approach to psychotherapy, health, and healing / |
| 260 |
_aNew York : _bWiley, _cc1998. |
||
| 300 |
_axiv, 370 p. : _bill. ; _c25 cm. |
||
| 650 | 0 | _aControl (Psychology) | |
| 700 | 1 | _aAstin, John A., | |
| 856 | 4 | 2 | _uhttp://www.loc.gov/catdir/bios/wiley042/97032851.html |
| 856 | 4 | 2 | _uhttp://www.loc.gov/catdir/description/wiley033/97032851.html |
| 856 | 4 | _uhttp://www.loc.gov/catdir/toc/onix04/97032851.html | |
| 942 | _cEK | ||
| 999 |
_c14335 _d14335 |
||